| 000 | 00961nam a2200241 a 4500 | ||
|---|---|---|---|
| 001 | 41574 | ||
| 003 | BD-RjUL | ||
| 005 | 20211209053420.0 | ||
| 008 | 160602s1987 bg ||||| |||| 00| 0 ben d | ||
| 020 | _c: Tk.60.00 | ||
| 035 | _a(BD-RjUL)41692 | ||
| 040 |
_aBD-RjUL _bben _cBD-RjUL |
||
| 041 | _aben | ||
| 082 |
_223 _a297.283 _bMAS 1987 |
||
| 100 |
_aমাহমুদ, ফজল _9127737 |
||
| 245 | 1 | 0 |
_aসত্য সন্ধানে / _cফজল মাহমুদ, ভাষান্তর মোহাম্মদ মোশাররফ হোসাইন |
| 260 |
_aঢাকা : _bইসলামিক ফাউন্ডেশন, _c১৯৮৭ |
||
| 300 |
_a[২১], ৩৫৯ পৃ. ; _c২১ সেমি. |
||
| 650 |
_aইসলাম _vমতবাদ _9127738 |
||
| 650 |
_aIslam _vDoctrines _9127739 |
||
| 700 |
_aহোসাইন, মোহাম্মদ মোশাররফ ভাষান্তর _9127740 |
||
| 942 |
_2ddc _cBK |
||
| 999 |
_c41574 _d41574 |
||